[Event "GER-chT Christmas U16 Lasker"]
[Site "Playchess.com INT"]
[Date "2020.12.28"]
[Round "5.3"]
[White "Beyer, Lorenz"]
[Black "Schaefer, Konstantin"]
[Result "0-1"]
[WhiteElo "1362"]
[BlackElo "1754"]
[PlyCount "90"]
[EventDate "2020.12.28"]
[EventType "team-swiss (blitz)"]
[EventRounds "7"]
[EventCountry "GER"]
[SourceTitle "CBM 200 Extra"]
[Source "ChessBase"]
[SourceDate "2021.03.31"]
[SourceVersion "1"]
[SourceVersionDate "2021.03.31"]
[SourceQuality "1"]
[WhiteTeam "Barnim Stahl Finow"]
[BlackTeam "Leipzig SG"]
[WhiteTeamCountry "GER"]
[BlackTeamCountry "GER"]

1. d4 Nf6 2. Nf3 c5 3. e3 d5 4. c3 Nc6 5. Bd3 e6 6. 0-0 Bd6 7. Nbd2 0-0 8. dxc5 Bxc5 9. e4 b6 10. e5 Ng4 11. Nb3 Ngxe5 12. Nxc5 bxc5 13. Bxh7+ Kxh7 14. Ng5+ Kg6 15. f4 f6 16. Nh3 Ba6 17. fxe5 Bxf1 18. Nf4+ Kh7 19. Qh5+ Kg8 20. Nxe6 Qe8 21. Qg4 Qd7 22. Bh6 Nxe5 23. Qg3 Rf7 24. Nxc5 Qc6 25. Nb3 Bd3 26. Nd4 Qb6 27. Be3 Qxb2 28. Re1 Qxc3 29. Ne6 Bf5 30. Nd4 Be4 31. Rc1 Qb2 32. Rf1 Rc8 33. Qh3 Rc3 34. Nf5 Bxf5 35. Qxf5 Rxe3 36. Qc8+ Rf8 37. Qe6+ Kh8 38. g3 Nf3+ 39. Rxf3 Rxe6 40. Rf2 Re1+ 41. Kg2 Re2 42. Rxe2 Qxe2+ 43. Kh3 g5 44. a4 Kg7 45. a5 Rh8# 0-1

[Event "GER Pfingstopen U16"]
[Site "Playchess.com INT"]
[Date "2020.06.05"]
[Round "7"]
[White "Koelle, Tobias"]
[Black "Schaefer, Konstantin"]
[Result "1-0"]
[WhiteElo "2324"]
[BlackElo "1701"]
[PlyCount "63"]
[EventDate "2020.06.05"]
[EventType "swiss (blitz)"]
[EventRounds "11"]
[EventCountry "GER"]
[SourceTitle "CBM 197 Extra"]
[Source "ChessBase"]
[SourceDate "2020.09.30"]
[SourceVersion "1"]
[SourceVersionDate "2020.09.30"]
[SourceQuality "1"]

1. d4 Nf6 2. c4 c5 3. d5 b5 4. cxb5 a6 5. bxa6 Bxa6 6. g3 g6 7. Bg2 d6 8. Nf3 Bg7 9. 0-0 0-0 10. Nc3 Nfd7 11. Rb1 Ne5 12. Nxe5 Bxe5 13. Bh6 Re8 14. Qd2 Nd7 15. h4 Bg7 16. Bxg7 Kxg7 17. h5 Nf6 18. h6+ Kg8 19. Rfe1 Qa5 20. e4 Rab8 21. e5 dxe5 22. Rxe5 Qb4 23. Qe1 c4 24. Ne4 Qb6 25. Nxf6+ Qxf6 26. Qe3 Kf8 27. Kh2 Bc8 28. b3 Bf5 29. Re1 cxb3 30. axb3 Rb4 31. Qc3 Rb5 32. Rxe7 1-0

[Event "GER Pfingstopen U16"]
[Site "Playchess.com INT"]
[Date "2020.06.05"]
[Round "11"]
[White "Schaefer, Konstantin"]
[Black "Bakiev, Diyor"]
[Result "1/2-1/2"]
[WhiteElo "1745"]
[BlackElo "1844"]
[PlyCount "113"]
[EventDate "2020.06.05"]
[EventType "swiss (blitz)"]
[EventRounds "11"]
[EventCountry "GER"]
[SourceTitle "CBM 197 Extra"]
[Source "ChessBase"]
[SourceDate "2020.09.30"]
[SourceVersion "1"]
[SourceVersionDate "2020.09.30"]
[SourceQuality "1"]

1. e4 c6 2. d4 d5 3. exd5 cxd5 4. Bd3 Nf6 5. c3 Nc6 6. Bf4 g6 7. Nd2 Bg7 8. h3 0-0 9. Ngf3 Bf5 10. Bxf5 gxf5 11. 0-0 e6 12. Ne5 Nxe5 13. Bxe5 Ne4 14. Nf3 Kh8 15. Qe2 Rg8 16. Rfe1 Qe7 17. Bf4 Bf6 18. Ne5 Bxe5 19. Bxe5+ f6 20. Bf4 Qg7 21. f3 Ng5 22. Bxg5 Qxg5 23. g4 fxg4 24. fxg4 Rae8 25. Qf3 f5 26. Re5 Qg6 27. Rae1 fxg4 28. hxg4 Qxg4+ 29. Qxg4 Rxg4+ 30. Kh2 Reg8 31. Rxe6 Rg2+ 32. Kh3 Rxb2 33. Re8 Rxe8 34. Rxe8+ Kg7 35. Rd8 Rxa2 36. Rxd5 Rc2 37. Rd7+ Kg6 38. Rxb7 Rxc3+ 39. Kg4 Rc4 40. Rxa7 Rxd4+ 41. Kg3 Rd6 42. Ra5 h5 43. Kh3 Rd4 44. Kg3 Rb4 45. Kh3 Rb3+ 46. Kh4 Rb4+ 47. Kh3 Rg4 48. Rb5 Rf4 49. Ra5 Kh6 50. Rb5 Ra4 51. Rc5 Kg6 52. Rb5 Ra3+ 53. Kh4 Ra1 54. Rg5+ Kf6 55. Rxh5 Rh1+ 56. Kg4 Rxh5 57. Kxh5 1/2-1/2

[Event "GER Pfingstopen U16"]
[Site "Playchess.com INT"]
[Date "2020.06.05"]
[Round "2"]
[White "Schaefer, Konstantin"]
[Black "Fromm, Marius"]
[Result "1-0"]
[WhiteElo "1658"]
[BlackElo "2009"]
[PlyCount "67"]
[EventDate "2020.06.05"]
[EventType "swiss (blitz)"]
[EventRounds "11"]
[EventCountry "GER"]
[SourceTitle "CBM 197 Extra"]
[Source "ChessBase"]
[SourceDate "2020.09.30"]
[SourceVersion "1"]
[SourceVersionDate "2020.09.30"]
[SourceQuality "1"]

1. e4 e5 2. Nf3 Nc6 3. Bc4 Bc5 4. b4 Bxb4 5. c3 Be7 6. d4 Na5 7. Bd3 d6 8. dxe5 dxe5 9. Nxe5 Nf6 10. 0-0 0-0 11. h3 Re8 12. Kh1 b6 13. f4 Bb7 14. Qc2 Bd6 15. Nd2 Nh5 16. Ndc4 Ng3+ 17. Kg1 Nxc4 18. Nxc4 Bc5+ 19. Be3 Bxe3+ 20. Nxe3 Nxf1 21. Rxf1 Qd7 22. e5 g6 23. Ng4 Qd5 24. Nf6+ Kg7 25. Nxd5 Bxd5 26. Be4 Rad8 27. Bxd5 Rxd5 28. Qe4 c6 29. c4 Rd2 30. f5 Rxa2 31. fxg6 hxg6 32. Qf4 Rf8 33. Qf6+ Kg8 34. Rf4 1-0

[Event "GER Pfingstopen U16"]
[Site "Playchess.com INT"]
[Date "2020.06.05"]
[Round "6"]
[White "Schaefer, Konstantin"]
[Black "Reich, Elisabeth"]
[Result "1-0"]
[WhiteElo "1686"]
[BlackElo "1630"]
[PlyCount "61"]
[EventDate "2020.06.05"]
[EventType "swiss (blitz)"]
[EventRounds "11"]
[EventCountry "GER"]
[SourceTitle "CBM 197 Extra"]
[Source "ChessBase"]
[SourceDate "2020.09.30"]
[SourceVersion "1"]
[SourceVersionDate "2020.09.30"]
[SourceQuality "1"]

1. e4 c5 2. Nf3 d6 3. d4 cxd4 4. Nxd4 Nf6 5. f3 g6 6. c4 Bg7 7. Nc3 0-0 8. Be3 Nc6 9. Nc2 Bd7 10. Be2 a6 11. 0-0 Rb8 12. Qd2 b5 13. cxb5 axb5 14. Bxb5 Ne5 15. Be2 Rxb2 16. Rfb1 Qb8 17. Rxb2 Qxb2 18. Rb1 Qxb1+ 19. Nxb1 Rb8 20. Nc3 Rc8 21. Nd4 Nc4 22. Bxc4 Rxc4 23. Qd3 Rc8 24. Nd5 Nxd5 25. exd5 Rb8 26. Nc6 Bxc6 27. dxc6 Rc8 28. Qa6 Rc7 29. Qa8+ Bf8 30. Bh6 Rxc6 31. Qxf8# 1-0

[Event "GER Pfingstopen U25"]
[Site "Playchess.com INT"]
[Date "2020.06.02"]
[Round "5"]
[White "Haenselmann, Hendrik"]
[Black "Schaefer, Konstantin"]
[Result "0-1"]
[WhiteElo "1213"]
[BlackElo "1668"]
[PlyCount "56"]
[EventDate "2020.06.02"]
[EventType "swiss (blitz)"]
[EventRounds "11"]
[EventCountry "GER"]
[SourceTitle "CBM 197 Extra"]
[Source "ChessBase"]
[SourceDate "2020.09.30"]
[SourceVersion "1"]
[SourceVersionDate "2020.09.30"]
[SourceQuality "1"]

1. e4 c5 2. Nc3 Nc6 3. Nf3 g6 4. d4 cxd4 5. Nxd4 Bg7 6. Nb3 Nf6 7. Be2 0-0 8. 0-0 d6 9. Bg5 Be6 10. Re1 Ne5 11. Bf1 Nc4 12. Bxc4 Bxc4 13. Qd2 Re8 14. Rad1 Qb6 15. Nd5 Nxd5 16. exd5 Bxb2 17. Rxe7 Rxe7 18. Bxe7 Be5 19. Bg5 Rc8 20. Be3 Qb5 21. f4 Bg7 22. f5 b6 23. fxg6 hxg6 24. Bf2 Re8 25. Nd4 Qxd5 26. c3 Bxa2 27. Ra1 Bc4 28. Ra6 Bxd4 0-1

[Event "GER Pfingstopen U25"]
[Site "Playchess.com INT"]
[Date "2020.06.02"]
[Round "3"]
[White "Schaefer, Konstantin"]
[Black "Lenz, Jonas"]
[Result "0-1"]
[WhiteElo "1668"]
[BlackElo "1954"]
[PlyCount "88"]
[EventDate "2020.06.02"]
[EventType "swiss (blitz)"]
[EventRounds "11"]
[EventCountry "GER"]
[SourceTitle "CBM 197 Extra"]
[Source "ChessBase"]
[SourceDate "2020.09.30"]
[SourceVersion "1"]
[SourceVersionDate "2020.09.30"]
[SourceQuality "1"]

1. e4 e5 2. Nf3 Nc6 3. Bc4 Bc5 4. b4 Bxb4 5. c3 Ba5 6. d4 b5 7. Bxb5 Nxd4 8. Nxd4 exd4 9. Qxd4 Qf6 10. Bd2 Bb6 11. Qxf6 Nxf6 12. Bd3 0-0 13. 0-0 Bb7 14. e5 Ne4 15. Bxe4 Bxe4 16. Na3 Rfe8 17. Rfe1 Bd3 18. Bf4 Bc5 19. Nb1 Rab8 20. Nd2 Rb2 21. Ne4 Bxe4 22. Rxe4 Bxf2+ 23. Kf1 Bb6 24. a4 a5 25. Be3 Bxe3 26. Rxe3 d6 27. Re2 Rxe2 28. Kxe2 Rxe5+ 29. Kf3 h6 30. Rb1 Rc5 31. Rb3 Rc4 32. Ra3 f5 33. g3 Kf7 34. h4 g5 35. hxg5 hxg5 36. Kf2 Ke6 37. Kf3 Kd5 38. Ke3 Ke5 39. Kf3 c5 40. Ke3 d5 41. Kf3 d4 42. cxd4+ cxd4 43. Rb3 Rc3+ 44. Rxc3 dxc3 0-1

[Event "GER Pfingstopen U25"]
[Site "Playchess.com INT"]
[Date "2020.06.02"]
[Round "4"]
[White "Schaefer, Konstantin"]
[Black "Scheifel, Maximilian"]
[Result "1/2-1/2"]
[WhiteElo "1668"]
[BlackElo "1620"]
[PlyCount "125"]
[EventDate "2020.06.02"]
[EventType "swiss (blitz)"]
[EventRounds "11"]
[EventCountry "GER"]
[SourceTitle "CBM 197 Extra"]
[Source "ChessBase"]
[SourceDate "2020.09.30"]
[SourceVersion "1"]
[SourceVersionDate "2020.09.30"]
[SourceQuality "1"]

1. e4 e5 2. Nf3 Nf6 3. Nxe5 d6 4. Nf3 Nxe4 5. c4 Nc6 6. d3 Nf6 7. d4 Bg4 8. Be3 Be7 9. Bd3 0-0 10. 0-0 Re8 11. Nc3 Nd7 12. h3 Bh5 13. Nd5 Bf6 14. Nxf6+ Nxf6 15. a3 a6 16. Be2 Bg6 17. Qd2 Ne4 18. Qd1 d5 19. Qb3 Na5 20. Qa4 c6 21. Rac1 Nxc4 22. Bxc4 dxc4 23. Qxc4 Nd6 24. Qb4 a5 25. Qd2 Ne4 26. Qe2 Nf6 27. Qc4 Nd5 28. Bd2 Rc8 29. Ne5 b5 30. Qc5 Nf6 31. Nxc6 Qd7 32. Qxb5 Re6 33. d5 Nxd5 34. Nd4 Qxb5 35. Nxb5 Rec6 36. Nd4 Rxc1 37. Rxc1 Rxc1+ 38. Bxc1 Nb6 39. Bd2 Nc4 40. Bc3 Bd3 41. Nc6 Kf8 42. Nxa5 Nxa5 43. Bxa5 g6 44. Bc3 Ke7 45. f3 Kd6 46. Kf2 Kd5 47. Ke3 Kc4 48. Kf4 h5 49. g4 hxg4 50. fxg4 f5 51. g5 Be2 52. h4 Bh5 53. a4 Be2 54. a5 Kb5 55. Ke5 Bh5 56. Kf6 Ka6 57. b4 Kb5 58. Bd2 Ka6 59. Ke5 Kb5 60. Kd5 Bf3+ 61. Kd4 Bh5 62. Ke5 Bf3 63. Kf4 1/2-1/2

[Event "GER Cup Net V4 U2000"]
[Site "Playchess.com INT"]
[Date "2020.05.31"]
[Round "4"]
[White "Powalla, Christian"]
[Black "Schaefer, Konstantin"]
[Result "1-0"]
[WhiteElo "1715"]
[BlackElo "1740"]
[PlyCount "119"]
[EventDate "2020.05.31"]
[EventType "swiss (blitz)"]
[EventRounds "9"]
[EventCountry "GER"]
[SourceTitle "EXT 2021"]
[Source "ChessBase"]
[SourceDate "2020.10.23"]
[SourceVersion "1"]
[SourceVersionDate "2020.10.23"]
[SourceQuality "1"]

1. e4 c5 2. d4 cxd4 3. c3 g6 4. cxd4 d5 5. e5 Bg7 6. Nc3 Nh6 7. h3 0-0 8. g4 Nc6 9. Bb5 a6 10. Ba4 f6 11. Nxd5 fxe5 12. dxe5 Nxe5 13. Bb3 Kh8 14. Be3 e6 15. Nf4 Qe7 16. Qe2 Rd8 17. Nf3 Nxf3+ 18. Qxf3 Nf7 19. 0-0 Bxb2 20. Rab1 Bg7 21. Rfc1 Ng5 22. Qg3 Ne4 23. Qf3 Nd2 24. Bxd2 Rxd2 25. Qe3 Rd6 26. Rc4 Bd7 27. Rbc1 Bc6 28. Rc5 Re8 29. Qe2 e5 30. Nd3 e4 31. Nf4 e3 32. fxe3 Qxe3+ 33. Qxe3 Rxe3 34. Ne6 Rexe6 35. Bxe6 Rxe6 36. R5c4 Rd6 37. R1c2 Bd4+ 38. Kh2 Be5+ 39. Kg1 Rd1+ 40. Kf2 Bd4+ 41. Ke2 Bb5 42. Kxd1 Bxc4 43. Rxc4 Be5 44. Kc2 Kg7 45. Kd3 Kf6 46. Ke4 Ke6 47. Rb4 b5 48. Rb3 h5 49. gxh5 gxh5 50. Rf3 h4 51. Rf8 Ke7 52. Ra8 Bc3 53. Rxa6 b4 54. Kd3 Be1 55. Rb6 Kd7 56. Kc4 Kc7 57. Rb5 Kc6 58. Re5 Bc3 59. Kb3 Kd6 60. Re4 1-0

[Event "GER-ch U18 sf Berlin Online"]
[Site "Playchess.com INT"]
[Date "2020.05.01"]
[Round "5"]
[White "Khachatryan, Taron"]
[Black "Schaefer, Konstantin"]
[Result "1-0"]
[WhiteElo "1546"]
[BlackElo "1768"]
[PlyCount "41"]
[EventDate "2020.05.01"]
[EventType "swiss (blitz)"]
[EventRounds "13"]
[EventCountry "GER"]
[SourceTitle "CBM 195 Extra"]
[Source "ChessBase"]
[SourceDate "2020.05.31"]
[SourceVersion "1"]
[SourceVersionDate "2020.05.31"]
[SourceQuality "1"]

1. Nf3 c5 2. c4 Nc6 3. d4 cxd4 4. Nxd4 Nf6 5. Nc3 d5 6. e3 g6 7. Be2 Bg7 8. 0-0 dxc4 9. Bxc4 Nxd4 10. exd4 0-0 11. Be3 Bf5 12. Qb3 Qc7 13. h3 Rac8 14. Be2 Be6 15. d5 Bf5 16. Bxa7 Rfd8 17. Bb6 Qd6 18. Bxd8 Rxd8 19. Rfd1 Ne4 20. Bf3 Nc5 21. Qc4 1-0

[Event "GER-ch Net Amateur Gr-B Final"]
[Site "Playchess.com INT"]
[Date "2020.04.18"]
[Round "12"]
[White "Jeute, Peter"]
[Black "Schaefer, Konstantin"]
[Result "0-1"]
[WhiteElo "1723"]
[BlackElo "1820"]
[PlyCount "104"]
[EventDate "2020.04.18"]
[EventType "swiss (blitz)"]
[EventRounds "13"]
[EventCountry "GER"]
[SourceTitle "CBM 195 Extra"]
[Source "ChessBase"]
[SourceDate "2020.05.31"]
[SourceVersion "1"]
[SourceVersionDate "2020.05.31"]
[SourceQuality "1"]

1. d4 Nf6 2. Nf3 c5 3. e3 cxd4 4. exd4 d5 5. Bd3 Nc6 6. c3 g6 7. 0-0 Bg7 8. Bg5 0-0 9. Re1 Qc7 10. Nbd2 a6 11. a3 b5 12. h3 Na5 13. Ne5 Nc4 14. Rb1 e6 15. Qf3 Nd7 16. Nxd7 Bxd7 17. Qe2 a5 18. Nf3 Rab8 19. Ne5 Nxe5 20. dxe5 b4 21. axb4 axb4 22. Be7 Rfc8 23. Bxb4 Ba4 24. Ra1 Bb3 25. Bd6 Qb6 26. Bxb8 Rxb8 27. Ra6 Qb7 28. Rea1 Bc4 29. Ra7 Qb6 30. Bxc4 dxc4 31. Qxc4 Qxb2 32. Ra8 Bxe5 33. Rxb8+ Bxb8 34. Ra8 Qb1+ 35. Qf1 Qb7 36. Ra6 Qc7 37. g3 Qxc3 38. Qb5 Be5 39. Ra8+ Kg7 40. Qe8 Bd4 41. Qf8+ Kf6 42. Qd8+ Kg7 43. Qf8+ Kf6 44. Qd8+ Kg7 45. Qh8+ Kh6 46. Qf8+ Kg5 47. Qe7+ f6 48. Ra2 Qe1+ 49. Kg2 Qe4+ 50. Kg1 Qb1+ 51. Kg2 Qxa2 52. Qxh7 Qxf2+ 0-1

[Event "GER-ch Net Amateur Gr-B Final"]
[Site "Playchess.com INT"]
[Date "2020.04.18"]
[Round "9"]
[White "Riesner, Daniel"]
[Black "Schaefer, Konstantin"]
[Result "1/2-1/2"]
[WhiteElo "2161"]
[BlackElo "1820"]
[PlyCount "140"]
[EventDate "2020.04.18"]
[EventType "swiss (blitz)"]
[EventRounds "13"]
[EventCountry "GER"]
[SourceTitle "CBM 195 Extra"]
[Source "ChessBase"]
[SourceDate "2020.05.31"]
[SourceVersion "1"]
[SourceVersionDate "2020.05.31"]
[SourceQuality "1"]

1. d4 Nf6 2. c4 c5 3. Nf3 cxd4 4. Nxd4 d5 5. cxd5 Nxd5 6. e4 Nf6 7. Nc3 g6 8. Bc4 Bg7 9. 0-0 0-0 10. Re1 Nc6 11. Nxc6 bxc6 12. Be3 Ng4 13. Bc5 Qc7 14. g3 Ne5 15. Be2 Rd8 16. Qc2 Bg4 17. f4 Bxe2 18. Qxe2 Nd3 19. Be3 Nxe1 20. Rxe1 Rab8 21. Qf2 Rb7 22. Rc1 Rdb8 23. b3 Qa5 24. Na4 Rc7 25. Nc5 e6 26. a4 Bf8 27. Rb1 a6 28. Qc2 Rd8 29. b4 Qb6 30. Qf2 Bxc5 31. Bxc5 Qb7 32. Bb6 Rcd7 33. Bxd8 Rxd8 34. Qc5 Rd3 35. Rc1 Ra3 36. Qxc6 Qxc6 37. Rxc6 Rxa4 38. Rb6 Kf8 39. e5 Ke7 40. b5 axb5 41. Rxb5 Ra7 42. Kg2 f6 43. exf6+ Kxf6 44. h4 h5 45. Rc5 Rb7 46. Kh3 Ra7 47. Rc3 Ra4 48. Re3 Rb4 49. Rf3 Kf5 50. Re3 Kf6 51. Rc3 Ra4 52. Rc5 Rb4 53. Rc8 Kf7 54. Kh2 Ra4 55. Kg2 Ra3 56. Rc5 Kf6 57. Rg5 Rb3 58. Kf2 Ra3 59. Rb5 Rc3 60. Ra5 Rb3 61. Rg5 Ra3 62. g4 hxg4 63. Rxg4 Kf5 64. Rg5+ Kxf4 65. Rxg6 e5 66. h5 Rh3 67. h6 e4 68. Rf6+ Kg5 69. Re6 Kf5 70. Rb6 Kg5 1/2-1/2

[Event "GER-ch Net Amateur Gr-B Final"]
[Site "Playchess.com INT"]
[Date "2020.04.18"]
[Round "11"]
[White "Schaefer, Konstantin"]
[Black "Zeuner, Ole"]
[Result "0-1"]
[WhiteElo "1820"]
[BlackElo "1906"]
[PlyCount "60"]
[EventDate "2020.04.18"]
[EventType "swiss (blitz)"]
[EventRounds "13"]
[EventCountry "GER"]
[SourceTitle "CBM 195 Extra"]
[Source "ChessBase"]
[SourceDate "2020.05.31"]
[SourceVersion "1"]
[SourceVersionDate "2020.05.31"]
[SourceQuality "1"]

1. e4 e5 2. Nf3 Nc6 3. Bc4 Nf6 4. Ng5 d5 5. exd5 Na5 6. Bb5+ c6 7. dxc6 bxc6 8. Bd3 h6 9. Ne4 Nd5 10. 0-0 Nf4 11. Be2 Be7 12. Bf3 0-0 13. d4 Ng6 14. Be3 Bf5 15. Ng3 Be6 16. Nc3 Qc7 17. Qe2 Bc4 18. Qd2 Bxf1 19. Rxf1 Rad8 20. d5 Nc4 21. Qe2 Nxe3 22. fxe3 cxd5 23. Nxd5 Qa5 24. Nf5 Bc5 25. a3 Qa4 26. Kh1 e4 27. Bh5 Rxd5 28. b3 Qd7 29. Qc4 Rxf5 30. Re1 Rxh5 0-1